| 000 | 00885 a2200217 4500 | ||
|---|---|---|---|
| 001 | 53881 | ||
| 005 | 20260407155809.0 | ||
| 008 | 260407a1964 arg spa d | ||
| 003 | AR-UNSa-BCEJYS | ||
| 040 |
_aAR-UNSa-BCEJYS _bspa _cAR-UNSa-BCEJYS |
||
| 080 |
_a330.1 _xCiencia económica. Conceptos fundamentales de teoría económica. Valor. Capital. Fondos |
||
| 245 | 1 | 0 | _aEnsayos sobre análisis económico |
| 264 | 1 |
_aMéxico : _bFondo de Cultura Económica _c1964 |
|
| 300 |
_a238 p. _c21 cm. |
||
| 505 | _a1. Producción y acumulación - 2. Acumulación y distribución - 3. Una economía de cambio - 4. Industria capitalista - 5. Un sistema racional de precios | ||
| 041 | _aspa | ||
| 942 | _cBK | ||
| 590 | _aniveau_biblio:m niveau_hierar:0 | ||
| 100 | 1 | _aRobinson, Joan | |
| 856 | 4 | 1 |
_uhttps://biblioeco.unsa.edu.ar/pmb/images/libros/L128456.jpg _yImagen de portada _qimage/jpeg |
| 999 |
_c5277 _d5277 |
||